ბათუმის შოთა რუსთაველის სახელმწიფო უნივერსიტეტის ბიბლიოთეკა

Architectural Graphic Standarts / (ბიბ.ჩანაწერი № 41102)

000 -LEADER
fixed length control field 00709nam a2200217Ia 4500
001 - CONTROL NUMBER
control field 7752
003 - CONTROL NUMBER IDENTIFIER
control field GE_BSU
005 - DATE AND TIME OF LATEST TRANSACTION
control field 20221116112452.0
008 - FIXED-LENGTH DATA ELEMENTS--GENERAL INFORMATION
fixed length control field 181216s2007en xx |||||||||||||| ||eng||
020 ## - INTERNATIONAL STANDARD BOOK NUMBER
International Standard Book Number 9780471700913 x
040 ## - CATALOGING SOURCE
Transcribing agency GE_BSU
041 ## - LANGUAGE CODE
Language code of text/sound track or separate title eng
082 ## - DEWEY DECIMAL CLASSIFICATION NUMBER
Classification number 690 A-71
245 ## - TITLE STATEMENT
Title Architectural Graphic Standarts /
Statement of responsibility, etc. editor. Andrew, Pressman
264 ## - PRODUCTION, PUBLICATION, DISTRIBUTION, MANUFACTURE, AND COPYRIGHT NOTICE
Place of production, publication, distribution, manufacture New Jersey:
Name of producer, publisher, distributor, manufacturer John Wiley & Sons,
Date of production, publication, distribution, manufacture, or copyright notice 2007
300 ## - PHYSICAL DESCRIPTION
Extent 1080 p.
Other physical details IlI;
Dimensions 30 cm.
653 ## - INDEX TERM--UNCONTROLLED
keyword Architectural Graphic Standarts
653 ## - INDEX TERM--UNCONTROLLED
keyword არქიტექტურული გრაფიკული სტანდარტები
700 ## - ADDED ENTRY--PERSONAL NAME
Personal name Pressman, Andrew,
Relator term რედაქტორი
9 (RLIN) 14757
942 ## - ADDED ENTRY ELEMENTS (KOHA)
Koha item type წიგნი
Source of classification or shelving scheme
ეგზემპლარები
Withdrawn status Lost status Source of classification or shelving scheme Damaged status Not for loan Permanent Location Current Location Shelving location Date acquired Cost, normal purchase price Barcode Date last seen Copy number Price effective from Koha item type Public note
          ბათუმის შოთა რუსთაველის სახელმწიფო უნივერსიტეტის მთავარი ბიბლიოთეკა ტექნოლოგიური ფაკულტეტის ბიბლიოთეკა წიგნსაცავი 2018-12-17 380.00 24140 2018-12-17 24140 2018-12-17 წიგნი 380gel.